000 00729nam a22001937a 4500
005 20180622122737.0
010 _aB-230429
020 _a9788187111740
_c295.00
035 _aB-230429
037 _adpl
_bVakils, Feffer and Simons Pvt.
082 _a641.5
100 _aDalal, Katy
245 _aSeafood fiesta/
_cby Katy Dalal
260 _aMumbai
_bVakils, Feffer and Simons Pvt.
_c2005
270 _aIndustry Manor, 2nd floor, appasaheb marathe Marg Prabhadevi
_b Mumbai
_e400025
300 _a184p.
_c23.5cm.(Hb.)
942 _2ddc
_cEN
_h641.5
_m-DAL
999 _c152961
_d152961